Mort subite Capitales et pays (Europe) - Statistiques

Statistiques générales
  • Ce quiz a été pris 7 663 fois
  • Le résultat moyen est 8 sur 15
Answers on the Grid
Answers color-coded by a green-red scale on the quiz's grid according to % correct below.
Belgique - Bruxelles
Russie - Moscou
Serbie - Bratislava
Allemagne - Berlin
Liechtenstein - Skopje
Hongrie - Bucarest
Italie - Rome
Moldavie - Ljubljana
Biélorussie - Zagreb
Estonie - Vilnius
Suisse - Berne
Albanie - Vaduz
Chypre - Nicosie
Roumanie - Budapest
Albanie - Tirana
Kosovo - Sarajevo
Finlande - Helsinki
Irlande - Dublin
Lituanie - Tallinn
Saint-Marin - Riga
Ukraine - Kiev
Suède - Stockholm
Royaume-Uni - Londres
Malte - Sofia
Monténégro - Skopje
Slovaquie - Belgrade
Saint-Siège - Vatican
Pays-Bas - Amsterdam
Pologne - Vilnius
France - Paris
 
Statistiques - réponses
Réponse % Correct
Belgique - Bruxelles
95%
Russie - Moscou
90%
Allemagne - Berlin
77%
Italie - Rome
70%
Ukraine - Kiev
54%
France - Paris
53%
Suisse - Berne
53%
Irlande - Dublin
50%
Pays-Bas - Amsterdam
50%
Royaume-Uni - Londres
50%
Suède - Stockholm
48%
Finlande - Helsinki
45%
Chypre - Nicosie
39%
Albanie - Tirana
38%
Saint-Siège - Vatican
23%
Aucun quiz correspondant
Distribution des résultats
% des personnes avec chaque résultat
Percentile par nombre de réponses
Votre historique - résultats
Vous n’avez pas pris ce quiz